Madge "la capitana" (Record no. 83435)

MARC details
000 -LEADER
campo de control de longitud fija 00454nam a2200157 i 4500
001 - NÚMERO DE CONTROL
campo de control 83435
003 - IDENTIFICADOR DE NÚMERO DE CONTROL
campo de control ES-MaACL
005 - FECHA Y HORA DE LA ÚLTIMA TRANSACCIÓN
campo de control 20230906174827.0
007 - CAMPO FIJO DE DESCRIPCIÓN FÍSICA--INFORMACIÓN GENERAL
campo de control de longitud fija t|
008 - DATOS DE LONGITUD FIJA--INFORMACIÓN GENERAL
campo de control de longitud fija 041116s1961 sp ||||1| spa d
100 1# - ENTRADA PRINCIPAL--NOMBRE DE PERSONA
Nombre de persona Irigoyen, Juan de.
9 (RLIN) 65467
245 10 - MENCIÓN DEL TÍTULO
Título Madge "la capitana"
Resto del título : idilio de un marino vasco : novela /
Mención de responsabilidad, etc. por Juan de Irigoyen.
260 ## - PUBLICACIÓN, DISTRIBUCIÓN, ETC.
Lugar de publicación, distribución, etc. Bilbao :
Nombre del editor, distribuidor, etc. [s.n.,
Fecha de publicación, distribución, etc. 1961]
300 ## - DESCRIPCIÓN FÍSICA
Extensión 373 p. ;
Dimensiones 21 cm.
852 ## - LOCALIZACIÓN
Ubicación ES-MaACL
Número de control de estantería C-20719
Sublocalización o colección R.49402
Holdings
Estatus retirado Estado de pérdida Estado de daño No para préstamo Biblioteca de origen Biblioteca actual Ubicación en estantería Fecha de adquisición Fuente de adquisición Total de préstamos Signatura topográfica completa Código de barras Visto por última vez Precio de reemplazo Tipo de ítem Koha
        Biblioteca del Ateneo de Madrid Biblioteca del Ateneo de Madrid Galería 17/01/2008     C-20719 1087200 23/02/2023 23/02/2023 Libro impreso